000 00780pam a2200229 a 4500
001 1597718
005 20180312052055.0
008 940707s1995 njua b 101 0 eng
010 _a 94029514
020 _a0805815007 (acidfree paper)
040 _aDLC
_cDLC
_dDLC
041 _aeng
080 _a305.235 CRO
082 0 0 _a305.235 CRO
_220
100 _a50
101 _aSOC
245 0 0 _aPathways through adolescence :
_cedited by Lisa J. Crockett, Ann C. Crouter.
504 _aIncludes bibliographical references and indexes.
906 _a7
_bcbc
_corignew
_d1
_eocip
_f19
_gy-gencatlg
942 _2ddc
_cBK
999 _c44691
_d44691